00266nam a2200109 i 4500001000300000100002000003245005700023260001900080040000800099041000800107008004100115bg1 aRESENDE, Eliseu 0aHighways and Brazil's Development /cEliseu Resende. aMunich,c1973. cBPK apol s pl f |000 0 pol